Normal view
MARC view
Entry Personal Name
001 - CONTROL NUMBER
- control field: 77658
003 - CONTROL NUMBER IDENTIFIER
- control field: dpl
005 - DATE AND TIME OF LATEST TRANSACTION
- control field: 20250217165916.0
008 - FIXED-LENGTH DATA ELEMENTS
- fixed length control field: 250217|| aca||aabn | a|a d
040 ## - CATALOGING SOURCE
- Original cataloging agency: dpl
- Transcribing agency: dpl
100 ## - HEADING--PERSONAL NAME
- Personal name: Khanna V N
670 ## - SOURCE DATA FOUND
- Source citation: Work cat.: (dpl)209121: Khanna V N , Foreign Policy of india/, 2018
